书目信息 |
| 题名: |
页岩多孔砖生产及应用技术
|
|
| 作者: | 杨伟军 , 倪玉双 主编 | |
| 分册: | ||
| 出版信息: | 北京 中国建筑工业出版社 2011 |
|
| 页数: | 12, 267页 | |
| 开本: | 21cm | |
| 丛书名: | 新型墙体材料应用丛书 | |
| 单 册: | ||
| 中图分类: | TQ175.79 | |
| 科图分类: | ||
| 主题词: | 砖--zhuan--生产工艺 | |
| 电子资源: | ||
| ISBN: | 978-7-112-13503-5 | |
| 000 | 01342nam 2200265 450 | |
| 001 | 0100004211 | |
| 005 | 20191105111611.96 | |
| 010 | @a978-7-112-13503-5@dCNY22.00 | |
| 100 | @a20111201d2011 em y0chiy0121 ea | |
| 101 | 0 | @achi |
| 102 | @aCN@b110000 | |
| 105 | @aak a 000yy | |
| 200 | 1 | @a页岩多孔砖生产及应用技术@Aye yan duo kong zhuan sheng chan ji ying yong ji shu@f杨伟军, 倪玉双主编 |
| 210 | @a北京@c中国建筑工业出版社@d2011 | |
| 215 | @a12, 267页@c图@d21cm | |
| 225 | 2 | @a新型墙体材料应用丛书@Axin xing qiang ti cai liao ying yong cong shu |
| 320 | @a有书目 (第266-267页) | |
| 330 | @a本书从页岩多孔砖的产品设计、生产及其砌体的力学性能到承载力分析、结构分析、抗震性能和施工等方面,对页岩多孔砖及其砌体进行了系统的论述。第1章绪论;第2章页岩多孔砖产品设计;第3章页岩多孔砖生产与应用可行性分析;第4章页岩多孔砖性能与原材料;第5章页岩多孔砖的生产技术;第6章页岩多孔砖砌体的基本力学性能;第7章无筋页岩多孔砖砌体构件承载力计算;第8章配筋页岩多孔砖砌体构件承载力计算;第9章页岩多孔砖砌体结构房屋的墙柱和梁设计;第10章页岩多孔砖砌体结构抗震设计;第11章页岩多孔砖砌体施工。 | |
| 410 | 0 | @12001 @a新型墙体材料应用丛书 |
| 606 | 0 | @a砖@Azhuan@x生产工艺 |
| 690 | @aTQ175.79@v4 | |
| 701 | 0 | @a杨伟军@Ayang wei jun@4主编 |
| 701 | 0 | @a倪玉双@Ani yu shuang@4主编 |
| 801 | 0 | @aCN@c20150822 |
| 905 | @a河南城建学院图书馆@dTQ175.79@eY292 | |
| 页岩多孔砖生产及应用技术/杨伟军, 倪玉双主编.-北京:中国建筑工业出版社,2011 |
| 12, 267页:图;21cm.-(新型墙体材料应用丛书) |
| ISBN 978-7-112-13503-5:CNY22.00 |
| 本书从页岩多孔砖的产品设计、生产及其砌体的力学性能到承载力分析、结构分析、抗震性能和施工等方面,对页岩多孔砖及其砌体进行了系统的论述。第1章绪论;第2章页岩多孔砖产品设计;第3章页岩多孔砖生产与应用可行性分析;第4章页岩多孔砖性能与原材料;第5章页岩多孔砖的生产技术;第6章页岩多孔砖砌体的基本力学性能;第7章无筋页岩多孔砖砌体构件承载力计算;第8章配筋页岩多孔砖砌体构件承载力计算;第9章页岩多孔砖砌体结构房屋的墙柱和梁设计;第10章页岩多孔砖砌体结构抗震设计;第11章页岩多孔砖砌体施工。 |
| ● |
| 相关链接 |
|
|
|
正题名:页岩多孔砖生产及应用技术
索取号:TQ175.79/Y292
 
预约/预借
| 序号 | 登录号 | 条形码 | 馆藏地/架位号 | 状态 | 备注 |
| 1 | 1175179 | 211751790 | 期刊室512/501自科库 140排1列5层/ [索取号:TQ175.79/Y292] | 在馆 | |
| 2 | 1175180 | 211751807 | 自科库501/501自科库 140排1列5层/ [索取号:TQ175.79/Y292] | 在馆 | |
| 3 | 1175181 | 211751816 | 自科库501/501自科库 140排1列5层/ [索取号:TQ175.79/Y292] | 在馆 | |
| 4 | 1306441 | 213064413 | 期刊室512/501自科库 140排1列5层/ [索取号:TQ175.79/Y292] | 在馆 | |
| 5 | 1306442 | 213064422 | 期刊室512/501自科库 140排1列5层/ [索取号:TQ175.79/Y292] | 在馆 | |
| 6 | 1306443 | 213064431 | 期刊室512/501自科库 140排1列5层/ [索取号:TQ175.79/Y292] | 在馆 | |
| 7 | 1306444 | 213064440 | 期刊室512/501自科库 140排1列5层/ [索取号:TQ175.79/Y292] | 在馆 | |
| 8 | 1306445 | 213064459 | 期刊室512/501自科库 140排1列5层/ [索取号:TQ175.79/Y292] | 在馆 |